Маркс (Запис номер 151775)
[ съкратено ]
| 000 -Лидер | |
|---|---|
| Контролно поле с фиксирана дължина | 01638nam a2200409 c 4500 |
| 003 - Код на организацията, давaща контролен номер | |
| Контролно поле | BLK |
| 005 - Дата и час на последна редакция | |
| Контролно поле | 20180422113114.0 |
| 008 - Елементи от данни с фиксирана дължина | |
| fixed length control field | 180410b bul|||||r ||||||| ||bul|| |
| 010 ## - Наследен системен номер | |
| LC control number | KNG00158209000 |
| 020 ## - Международен стандартен номер на книга ISBN | |
| Международен стандартен номер на книга ISBN | 978-954-92985-1-2 |
| -- | издат.: Anarres |
| 040 ## - Източник на каталожния запис | |
| Идентификатор на билиотеката - собственик на записа | BLK |
| 041 ## - Код за език | |
| Код за езика на текст/звукозапис или на отделно заглавие | Български |
| Код за езика КДБФ | Български |
| 072 #7 - Код за тематичната категория | |
| Код организация | bullib |
| Код за тематична категория | Н10 |
| Текст | Философия Н |
| 080 ## - УДК | |
| Текстов определител УДК | Обща история на философията |
| УДК код - определител по УДК | 101(091) |
| УДК определител | (430)(092) |
| УДК - код + определител | 101(091)(430)(092) |
| 080 ## - УДК | |
| Текстов определител УДК | |
| УДК код - определител по УДК | 929 Маркс, Карл |
| УДК определител | |
| УДК - код + определител | 929 Маркс, Карл |
| 139 ## - Редно поле | |
| Редна дума | Маркс |
| Авторски знак | Марк - М 32 |
| 245 10 - Сведения за заглавието | |
| Заглавие | Маркс |
| Подзаглавни данни | Хетерогенни прочити от XX век : Сб. |
| Редно поле (дума) | състав. Хараламби Георгиев Паницидис; * Емилия Тодорова Минева; * Станимир Панайотов; прев. Паула Ангелова. |
| 257 ## - Страна на издаване | |
| Страна на създаване/издаване | Сборници - Свят |
| 260 ## - Област на издателските данни | |
| -- | София |
| Име на издателя, разпространителя и проч. | Anarres |
| Година на издаване | 2012 |
| Печатница | София : Аси Принт |
| 300 ## - Физическа характеристика | |
| Страници | 656 с. |
| Размери/Мащаб | 20 см |
| 380 ## - Жанр | |
| Жанр | Философия |
| 490 1# - СЕРИИ (Колекции) | |
| Име на серия | Серия URRAS |
| 600 14 - Име на лице, използвано като предмет | |
| За него / За нея | Маркс, Карл |
| 9 (RLIN) | 365572 |
| 650 #4 - Допълнително описание по предмет – тема | |
| Основно описание – тема или топоним | Маркс, Карл |
| 9 (RLIN) | 365572 |
| 653 ## - Ключова дума – ненормативна | |
| Ключова дума | Карл Маркс |
| 653 ## - Ключова дума – ненормативна | |
| Ключова дума | мироглед |
| 659 ## - Тематичен бюлетин | |
| Тематичен бюлетин | Н |
| 700 1# - Други автори (авторска отговорност) | |
| Лично име | Паницидис, Хараламби Георгиев |
| Автороска отговорност (Описва отношението между автора и произведението) | състав. |
| 9 (RLIN) | 374157 |
| 700 1# - Други автори (авторска отговорност) | |
| Лично име | Минева, Емилия Тодорова |
| Автороска отговорност (Описва отношението между автора и произведението) | * |
| 9 (RLIN) | 378586 |
| 700 1# - Други автори (авторска отговорност) | |
| Лично име | Панайотов, Станимир |
| Автороска отговорност (Описва отношението между автора и произведението) | * |
| 9 (RLIN) | 376586 |
| 700 1# - Други автори (авторска отговорност) | |
| Лично име | Ангелова, Паула |
| Автороска отговорност (Описва отношението между автора и произведението) | прев. |
| 9 (RLIN) | 331556 |
| 852 ## - Местоположение | |
| Форматна сигнатура | Цб 263886 |
| 856 4# - Електронен адрес и достъп | |
| Електронен формат | pdf - файл |
| Път до файла /url/ | |
| 856 4# - Електронен адрес и достъп | |
| Електронен формат | pdf - файл |
| Път до файла /url/ | |
| 942 ## - АРТИКУЛИ | |
| Вид на библиотечния материал | Книги |
| Скрит в OPAC | Не |
| 944 ## - СЪЗДАВАНЕ И РЕДАКЦИЯ на ЗАПИСА | |
| Създаване/Редакция | Създаване |
| Дата на регистрацията/редакция | 19.03.2014 |
| Служител, извършил регистрацията/редакцията | Пенка_Димитрова |
| 944 ## - СЪЗДАВАНЕ И РЕДАКЦИЯ на ЗАПИСА | |
| Създаване/Редакция | Редакция |
| Дата на регистрацията/редакция | 28.11.2014 |
| Служител, извършил регистрацията/редакцията | Геновева_Генчева |
| 999 ## - СИСТЕМНИ КОНТРОЛНИ НОМЕРА | |
| Koha biblionumber | 151775 |
| Koha biblioitemnumber | 151775 |
| Код за отписване | Код за изгубен артикул | Код за повреда | Коз за рестрикции | Код за отдаване | Артикулен № | Име на библиотеката - собственик | Име на библиотеката, в която се намира в момента | Статус (Текущо местоположение) | Дата на вписване в системата | Местоположение - отдел | Цена в лева | Инвентарен номер | Систематично азбучна сигнатура | Баркод | Номер на екземпляра | Цена в евро | Служебна бележка | Служебен тип на артикула |
|---|---|---|---|---|---|---|---|---|---|---|---|---|---|---|---|---|---|---|
| Не е изгубен | Не е повреден | без рестрикции | ползва се в читалня | 253486 | Регионална библиотека "Любен Каравелов" Русе | Регионална библиотека "Любен Каравелов" Русе | Хранилище | 2014-03-19 | Хранилище | 23.00 | 120000775785 | Цб 263886 | 120000775785 | 1 | 11.76 | Дост: Dp Вид: Д N: 14 Дата: 01.04.2013 | Книги |